[Event "Challenge"]
[Site "http://www.queenalice.com/game.php?id=503973"]
[Date "2008.12.6"]
[Round "-"]
[White "daniel0176"]
[Black "Ekaw"]
[Result "0-1"]
[WhiteElo "1598"]
[BlackElo "1233"]

1. d4 d5 2. Nc3 Nf6 3. Nf3 e6 4. e3 Bb4 5. Bd2 Nc6 6. a3 Bd6 7. Bd3 a6 8. O-O b5
9. b4 Bd7 10. Re1 a5 11. Nxb5 axb4 12. Nxd6+ cxd6 13. a4 O-O 14. c3 Ne4 15. cxb4
Nxf2 16. Kxf2 e5 17. dxe5 dxe5 18. e4 d4 19. b5 Ne7 20. Nxe5 Ng6 21. Nxg6 fxg6+
22. Kg1 Be6 23. Rc1 Qh4 24. Bb4 Qf2+ 25. Kh1 Rf7 26. Rf1 Qb2 27. Bc3 dxc3 28.
Rxf7 Bxf7 29. Rb1 Qd2 30. Qf1 c2 31. Rc1 Rc8 32. b6 Bc4 33. Rxc2 Qxc2 34. Bxc4+
Qxc4 35. Qxc4+ Rxc4 36. Kg1 Rxa4 37. b7 Rb4 38. e5 Rxb7 39. e6 Re7 40. Kf2 Rxe6
0-1

[Event "Challenge"]
[Site "http://www.queenalice.com/game.php?id=504513"]
[Date "2008.12.7"]
[Round "-"]
[White "Ekaw"]
[Black "angeloagra"]
[Result "1-0"]
[WhiteElo "1485"]
[BlackElo "1475"]

1. d4 d5 2. Nc3 Nf6 3. Nf3 Nc6 4. e3 Bg4 5. Bb5 a6 6. Bxc6+ bxc6 7. O-O c5 8.
Na4 cxd4 9. exd4 e6 10. Bg5 Bd6 11. Qd3 O-O 12. Ne5 Bf5 13. Qe3 Bxe5 14. dxe5
Ng4 15. Qf4 Qd7 16. b3 Qb5 17. h3 Bxc2 18. Qxg4 Bxb3 19. axb3 Qxb3 20. Bh6 g6
21. Nc5 f5 22. Qg5 Qb6 23. Qe7 Rf7 24. Qxe6 Qxc5 25. Rac1 Qa5 26. Rc6 Rb8 27.
Rfc1 Qd2 28. Bxd2 1-0

[Event "Challenge"]
[Site "http://www.queenalice.com/game.php?id=507295"]
[Date "2008.12.13"]
[Round "-"]
[White "Edmilson9975"]
[Black "Ekaw"]
[Result "1-0"]
[WhiteElo "1500"]
[BlackElo "1550"]

1. d4 d5 2. c4 Nf6 3. Nc3 c6 4. Nf3 Ne4 5. e3 Nxf2 6. Kxf2 e6 7. e4 Be7 8. cxd5
Bh4+ 9. Nxh4 Qf6+ 10. Nf3 O-O 11. d6 b5 12. Bg5 Qg6 13. Be7 b4 14. Na4 Re8 15.
Bd3 e5 16. Nxe5 Qe6 17. Nc5 Qh6 18. Rf1 Qxh2 19. Bc4 Qf4+ 20. Kg1 Qe3+ 21. Kh2
Be6 22. Nxe6 fxe6 23. Bxe6+ Kh8 24. Qh5 Na6 25. Ng6# 1-0

[Event "Challenge"]
[Site "http://www.queenalice.com/game.php?id=507555"]
[Date "2008.12.14"]
[Round "-"]
[White "Ekaw"]
[Black "Edmilson9975"]
[Result "0-1"]
[WhiteElo "1470"]
[BlackElo "1548"]

1. d4 d5 2. Nf3 Nf6 3. Nc3 g6 4. e3 Bg7 5. Be2 Nc6 6. a3 O-O 7. O-O a5 8. a4 Nb4
9. Bd2 Bf5 10. Ne1 Ne4 11. f3 Nxd2 12. Qxd2 e5 13. e4 dxe4 14. fxe4 exd4 15. Na2
Bxe4 16. Nxb4 axb4 17. Qxb4 c5 18. Qc4 d3 19. Nxd3 Bd4+ 20. Nf2 Qg5 21. g3 Rae8
22. c3 Be3 23. Rad1 Rd8 24. Qxe4 Kg7 25. Rxd8 Rxd8 0-1

[Event "Challenge"]
[Site "http://www.queenalice.com/game.php?id=705659"]
[Date "2009.12.30"]
[Round "-"]
[White "Ekaw"]
[Black "jcropero"]
[Result "0-1"]
[WhiteElo "1369"]
[BlackElo "1444"]

1. e4 Nf6 2. d3 e5 3. Nc3 c6 4. Be2 d5 5. Nf3 Bb4 6. Bd2 Bc5 7. O-O Qc7 8. a3
O-O 9. b4 Be7 10. Nb1 dxe4 11. dxe4 Nxe4 12. Be3 Rd8 13. Qc1 Nf6 14. Qb2 e4 15.
Ng5 Ng4 16. Bxg4 Bxg4 17. Nxe4 Bf5 18. Nbd2 Nd7 19. Ng3 Bf6 20. Bd4 Qd6 21. Nxf5
Qf4 22. Ne7+ Bxe7 23. Rae1 Bd6 24. g3 Qxd2 25. Bxg7 Ne5 26. Bxe5 Re8 27. Rd1 Qh6
28. Bxd6 Re6 29. Bf4 Qg6 30. Rde1 Rae8 31. Rxe6 Rxe6 32. c4 Re4 33. Qd2 Qf6 34.
c5 Rd4 35. Qe3 h5 0-1

[Event "Let's Play Chess!"]
[Site "http://www.queenalice.com/game.php?id=705676"]
[Date "2009.12.30"]
[Round "-"]
[White "spin"]
[Black "Ekaw"]
[Result "1-0"]
[WhiteElo "1600"]
[BlackElo "1371"]

1. e4 c5 2. d4 b6 3. Qf3 g6 4. dxc5 bxc5 5. e5 e6 6. Qxa8 Nc6 7. Bb5 Nxe5 8. Qe4
Bg7 9. Bh6 Qf6 10. Bf4 Ne7 11. Bxe5 Qxe5 12. Qxe5 Bxe5 13. Nc3 O-O 14. O-O-O d5
15. Nf3 Bf4+ 16. Kb1 1-0

[Event "Challenge"]
[Site "http://www.queenalice.com/game.php?id=720484"]
[Date "2010.1.26"]
[Round "-"]
[White "Ekaw"]
[Black "Wettkampf"]
[Result "0-1"]
[WhiteElo "1383"]
[BlackElo "1500"]

1. e4 e5 2. Be2 Nf6 3. d3 b6 4. Nf3 Bd6 5. Bg5 Bb7 6. Nc3 Nc6 7. a3 Be7 8. O-O
d6 9. b4 Qd7 10. b5 Nd4 11. a4 a6 12. Bxf6 Bxf6 13. Nd2 d5 14. Bg4 Qd6 15. Nf3
dxe4 16. Nxd4 Qxd4 17. Ne2 Qd5 18. c4 Qxd3 19. Qxd3 exd3 20. Nc3 e4 21. Nd1 Bxa1
22. Ne3 Bd4 23. Nf5 O-O 24. h4 Bc5 25. h5 h6 26. Bh3 d2 27. Rd1 Rad8 0-1

[Event "Challenge"]
[Site "http://www.queenalice.com/game.php?id=720684"]
[Date "2010.1.26"]
[Round "-"]
[White "babycrocket"]
[Black "Ekaw"]
[Result "1-0"]
[WhiteElo "1794"]
[BlackElo "1355"]

1. e4 e5 2. Nf3 Bc5 3. d3 Nc6 4. h3 Nf6 5. Be2 O-O 6. O-O d6 7. c3 Bd7 8. Re1 a6
9. Nbd2 Nh5 10. Nxe5 dxe5 11. Bxh5 Qg5 12. Bg4 f5 13. Nf3 Qg6 14. exf5 Bxf5 15.
Nh4 Qf6 16. Nxf5 g6 17. Nh6+ Kh8 18. Bf3 Qh4 19. Ng4 h5 20. Ne3 Rad8 21. Rf1
Bxe3 22. Bxe3 Nb8 23. Bxb7 c6 24. Ba7 Nd7 25. Bxc6 Nf6 26. Qc2 g5 27. Rae1 Qf4
28. Be3 Qf5 29. f3 Qxd3 30. Qxd3 Rxd3 31. Bxg5 Rd6 32. Ba4 Rb6 33. Rxe5 Rxb2 34.
Bxf6+ Rxf6 35. Rxh5+ 1-0

[Event "Challenge"]
[Site "http://www.queenalice.com/game.php?id=920253"]
[Date "2011.3.31"]
[Round "-"]
[White "Ekaw"]
[Black "Farao"]
[Result "1-0"]
[WhiteElo "1360"]
[BlackElo "1360"]

1. d4 d5 2. Nc3 Bf5 3. a3 Nc6 4. Nf3 e6 5. e3 Qd6 6. Be2 Nf6 7. O-O e5 8. Nh4 g6
9. Nb5 Qd7 10. Nf3 Ng4 11. b4 exd4 12. Nbxd4 a5 13. h3 Nh6 14. Bb5 O-O-O 15. Ne5
Qe7 16. Nexc6 Qd7 17. Na7+ Kb8 18. Bxd7 Bxd7 19. Nab5 c6 20. Nc3 g5 21. e4 Re8
22. Bxg5 dxe4 23. Qd2 Nf5 24. Nxf5 Bxf5 25. Qf4+ Kc8 26. Qxf5+ Kc7 27. Qxf7+ Be7
28. Bxe7 Kd7 29. Bf6+ Kc8 30. Bxh8 Rxh8 31. Rad1 Rd8 32. Rxd8+ Kxd8 33. Rd1+ 1-0

[Event "Challenge"]
[Site "http://www.queenalice.com/game.php?id=921856"]
[Date "2011.4.4"]
[Round "-"]
[White "Ekaw"]
[Black "Shydo"]
[Result "1-0"]
[WhiteElo "1376"]
[BlackElo "1791"]

1. d4 Nf6 2. f3 d5 3. Nc3 e6 4. e3 Bd6 5. Bd3 O-O 6. Bd2 b6 7. Qe2 Nc6 8. O-O-O
a5 9. g4 Bd7 10. a3 Na7 11. h4 c5 12. Qf2 c4 13. Be2 b5 14. g5 Nh5 15. f4 b4 16.
Bxh5 bxc3 17. Bxc3 Rb8 18. Qe1 Nc6 19. Nf3 Qb6 20. Kd2 f6 21. Bg4 f5 22. Bh3 Na7
23. Ke2 Nb5 24. Bxa5 Qa6 25. Ra1 Bc7 26. Bxc7 Nxc7 27. Ne5 c3+ 28. Kf3 cxb2 29.
Nxd7 bxa1=Q 30. Qxa1 Qb5 31. Nxb8 Rxb8 32. Rd1 Ne8 33. Bf1 Qb2 34. Bd3 Nd6 35.
c3 Qxa1 36. Rxa1 Rb2 37. Rb1 Rd2 38. Rb6 Rxd3 39. Rxd6 Rxc3 40. Rxe6 Rxa3 41.
Re5 Ra5 42. Rxf5 g6 43. Re5 Kf7 44. Kg4 Ra3 45. h5 Rc3 46. hxg6+ hxg6 47. Kf3
Rc1 48. Rxd5 Ke6 49. Ke4 Rc3 50. Ra5 Rc4 51. Rc5 Ra4 52. f5+ gxf5+ 53. Rxf5 Ra1
54. d5+ Kd6 55. Rf6+ Ke7 56. Ke5 Rg1 57. Rf5 1-0

[Event "Challenge"]
[Site "http://www.queenalice.com/game.php?id=923704"]
[Date "2011.4.8"]
[Round "-"]
[White "Ekaw"]
[Black "MIngu"]
[Result "0-1"]
[WhiteElo "1361"]
[BlackElo "1755"]

1. d4 d5 2. Nc3 c5 3. Nf3 cxd4 4. Nxd4 Nf6 5. e3 e5 6. Nde2 Nc6 7. g3 Bf5 8. a3
d4 9. Nb5 a6 10. Nexd4 exd4 11. Nxd4 Nxd4 12. exd4 Qd5 13. Rg1 Qe4+ 14. Be3 Qxc2
15. Qf3 Qxb2 16. Rd1 Qc3+ 17. Rd2 Bg4 18. Qf4 Qa1+ 0-1